000 00513nam a22001817a 4500
005 20251022114652.0
008 251022b |||||||| |||| 00| 0 eng d
040 _aMAIN
082 _a332.673
_bY11I
100 _aYadav, Komal
245 _aImpact of foreign direct investment on economic growth of India
260 _bDepartment of Economics, M D University, Rohtak
_c2024
300 _axv, 193
650 _aEconomics
650 _aForeign Direct Investment
700 _aNeelam Choudhary
942 _cTH
999 _c393601
_d393601